000 00477nam a2200193Ia 4500
005 20240823023605.0
008 240823s9999||||xx |||||||||||||| ||und||
020 _a978-0-670-08283-4
041 _aENGLISH
082 _A330.954 P9
100 _a"Narayana Murthy,N.R"
245 2 _aA Better India A Better World
250 _aIst
260 _c2009
_b"Penguin Books,New "
500 _aTRANSFERED
650 _aA Better World
_bGeneral
942 _cBK
999 _c181909
_d181909